000 00720cam a2200241 a 4500
001 14392531
003 NUST
005 20210730140935.0
008 060503s2006 enk 000 0 eng
010 _a 2008399022
038 _aARSHAD
040 _aDLC
_cDLC
050 0 0 _aPR6068.O1965
_bG48 2006
082 0 0 _a005.72
_bDUR
100 1 _aDurrani, Attash
_910112
245 1 0 _aGhost characters: atomization-combination theory for Arabic set
_cby Attash Durrani
260 _aIslamabad :
_bShakh-i- Zarreen,
_c2018
300 _a188 p. ;
_c24 cm.
563 _aHBK
906 _a7
_bcbc
_corignew
_d3
_encip
_f20
_gy-gencatlg
942 _2ddc
_cBK
999 _c356252
_d356252